Ukryte nazwy miast w zdaniach - Statystyki

Ogólne statystyki
  • Ten quiz został rozwiązany 556 razy
    431 od ostatniego zresetowania
  • Średni wynik to 14 z 21
Statystyki odpowiedzi
Zdanie Miasto % Poprawnych
Wisła, najdłuższa rzeka w Polsce Wisła
94%
Mój kolega często chowa moje rzeczy Częstochowa
93%
Droga krajowa 15 łączy Trzebnicę z Ostródą Ostróda
93%
Widzisz tego narciarza na tym stoku? Jaki przepiękny biały stok górski Białystok
92%
Niedaleko miasta stoczyło się koło z samochodu Koło
92%
Droga krajowa 15 łączy Trzebnicę z Ostródą Trzebnica
91%
Woda zaczęła zmieniać układ brzegu nad morzem Brzeg
90%
Było sobie dwóch Józefów, jeden Wybicki a drugi Piłsudski Józefów
87%
Zobacz tutaj jest most zbudowany przez Babcie, więc został nazwany Babi Most Babimost
76%
Sofia, piosenka Alvaro Solera Sofia
74%
Stolica Australii? Canberra, bardzo dobra odpowiedź! Canberra
71%
Muszę opanować swój gniew Gniew
64%
Zaraz pacnę ciebie w ten twój łeb Alfred! Łeba
60%
Bogu chwała, niech modli się każdy chrześcijan do ciebie panie! Boguchwała
59%
Ej patrz czarne świnie tam są! Czarne
46%
Patrz Anno, Polacy przyszli pokonać Osmanów Annopol
42%
W tym barze tyle osób pije alkohol, że aż szok! Bar
42%
Droga krajowa 15 łączy Trzebnicę z Ostródą Krajowa
37%
Było dziesięć przykazań bożych Kazań
36%
Stolica Australii? Canberra, bardzo dobra odpowiedź! Dobra
30%
Synowie obu kobiet byli bardzo nieudolni Buk
16%
Nie znaleziono quizów pasujących do podanych kryteriów
Rozkład punktacji
Procent ludzi z każdym wynikiem
Percentyl według liczby udzielonych odpowiedzi
Twoja historia wyników
Nie rozwiązałeś tego quizu od ostatniego zresetowania